000 00549nam a2200181Ia 4500
999 _c32168
_d32168
003 OSt
005 20200810100204.0
008 190216s9999||||xx |||||||||||||| ||und||
020 _a9788176498326
040 _coclc
082 _a513.2
_bCLA/M
100 _aClawson, Calvin C
_93763
245 4 _aThe Mathematical Traveler :
_bExploring Grand History Of Numbers /
_cCalvin C Clawson
260 _bViva Books,
_aNew Delhi:
_c2008.
300 _a307p
650 _aMathematics
942 _cBK
_2ddc
_h513.2
_iCLA/M
_k513.2
_mCLA/M